000 00362nam a2200109Ia 4500
008 230125s9999 xx 000 0 und d
082 _a796
_bDHIH
100 _aDhillon, J. S. ed.
245 0 _aHimalayan mountaineering journal; golden jubilee edition; Vol. XXV-2006
260 _bDarjeeling: Journal of the Himalayan Mountaineering Institute, 2006
_c2006
942 _cBK
999 _c418
_d418